000 00622nam a2200181Ia 4500
008 100917s9999 xx 000 0 und d
082 _b40798
100 _aनिपुणगे हरिचंद्र /परमार
245 _aलालबहादूर शास्त्री
260 _bपुष्पक प्रकाशन
_c1966
300 _a88
365 _b2
520 _aबालविभाग
630 _aलालबहादूर शास्त्री
650 _aबालविभाग
730 _aलालबहादूर शास्त्री
942 _cBOOK
999 _c646192
_d646189